Регионална библиотека "Любен Каравелов" - Русе

Открито (Запис номер 416764)

MARC детайли
000 -Лидер
Контролно поле с фиксирана дължина 01441nam a2200373 c 4500
003 - Код на организацията, давaща контролен номер
Контролно поле BLK
005 - Дата и час на последна редакция
Контролно поле 20250705110603.0
008 - Елементи от данни с фиксирана дължина
fixed length control field 180411b bul|||||r ||||||| ||bul||
010 ## - Наследен системен номер
LC control number KNG00185465000
020 ## - Международен стандартен номер на книга ISBN
Международен стандартен номер на книга ISBN 978-954-376-111-1
020 ## - Международен стандартен номер на книга ISBN
Международен стандартен номер на книга ISBN 9789547832411
040 ## - Източник на каталожния запис
Идентификатор на билиотеката - собственик на записа BLK
041 ## - Код за език
Код за езика на текст/звукозапис или на отделно заглавие Български
Код за езика КДБФ Български
072 #7 - Код за тематичната категория
Код организация bullib
Код за тематична категория Н83
Текст Чужда художествена литература Н
080 ## - УДК
Текстов определител УДК Американска литература (на САЩ)
УДК код - определител по УДК 821.111(73)
УДК определител -94
УДК - код + определител 821.111(73)-94
080 ## - УДК
Текстов определител УДК Американски тенесист
УДК код - определител по УДК 92 Агаси, Андре
100 ## - Редна дума - Автор
Автор Агаси, Андре
Авторска отговорност първи автор
R(LIN) 1299
139 ## - Редно поле
Редна дума Агаси, Андре
Авторски знак Аг - А 23
245 10 - Сведения за заглавието
Заглавие Открито
Подзаглавни данни Автобиогр.
Редно поле (дума) Андре Агаси; прев. Катя Перчинкова
257 ## - Страна на издаване
Страна на създаване/издаване Съединени американски щати
260 ## - Област на издателските данни
Име на издателя, разпространителя и проч. Intense
Година на издаване 2016
9 (RLIN) 211571
Място на издаване, разпространение и проч. София
Издателство - префикс ISBN 978-954-783-
300 ## - Физическа характеристика
Страници 648 с., 16 л.
Илюстрации и др. сн.
Размери/Мащаб 23 см
380 ## - Жанр
Жанр 793/799 Спорт
500 ## - Общи забележки
Забележка Ориг. загл.: Open / Andre Agassi<br/>Intense - търг. марка на Локус пъблишинг
650 #7 - Допълнително описание по предмет – тема
Основно описание – тема или топоним Тенис
9 (RLIN) 173449
651 #4 - Допълнително описание по предмет - топоним
Географско понятие САЩ
9 (RLIN) 179493
653 ## - Ключова дума – ненормативна
Ключова дума автобиографии
700 ## - Други автори (авторска отговорност)
Лично име Перчинкова, Катя Христова
Автороска отговорност (Описва отношението между автора и произведението) прев.
9 (RLIN) 966
856 4# - Електронен адрес и достъп
Електронен формат pdf - файл
856 4# - Електронен адрес и достъп
Електронен формат pdf - файл
999 ## - СИСТЕМНИ КОНТРОЛНИ НОМЕРА
Koha biblionumber 416764
Koha biblioitemnumber 416764
942 ## - АРТИКУЛИ
Вид на библиотечния материал Книги
Скрит в OPAC Не
Koha issues (borrowed), all copies 23
Периодичен библиозапис Да
944 ## - СЪЗДАВАНЕ И РЕДАКЦИЯ на ЗАПИСА
Създаване/Редакция Създаване
Дата на регистрацията/редакция 2021-05-28
Служител, извършил регистрацията/редакцията 30529
Статус, дата на статуса Диана Гривева
999 ## - СИСТЕМНИ КОНТРОЛНИ НОМЕРА
Koha biblioitemnumber 416764
Наличности
Код за отписване Код за изгубен артикул Източник на класификационната схема Код за повреда Коз за рестрикции Код за отдаване Артикулен № Име на библиотеката - собственик Име на библиотеката, в която се намира в момента Статус (Текущо местоположение) Дата на вписване в системата Местоположение - отдел Цена в лева Систематично азбучна сигнатура Баркод Цена в евро Служебен тип на артикула
  Не е изгубен Universal Decimal Classification Не е повреден без рестрикции заемане за дома 833479 Регионална библиотека "Любен Каравелов" Русе Регионална библиотека "Любен Каравелов" Русе Заемна - подръчен фонд 2021-05-31 Заемна - подръчен фонд 19.90 821-31/А 23 А 120000855381 10.17 Книги
Vip Innovations Ltd, Rousse, Bulgaria 2025